Los fichajes más caros del fútbol - Centrocampistas - Estadísticas

Estadísticas generales
  • Esta prueba ha sido intentada 113 veces
  • La puntuación promedio es 9 de 10
Estadísticas de respuestas
Coste (M €) Temporada Nacionalidad Último club Nuevo club Jugador % Correcto
135,00 2017-2018 Brazil Liverpool FC Barcelona Philippe Coutinho
98%
86,00 2019-2020 Netherlands Ajax FC Barcelona Frenkie de Jong
97%
103,00 2023-2024 England Borussia Dortmund Real Madrid Jude Bellingham
97%
121,00 2022-2023 Argentina Benfica Chelsea Enzo Fernández
96%
105,00 2016-2017 France Juventus Manchester United Paul Pogba
96%
116,00 2023-2024 Ecuador Brighton Chelsea Moisés Caicedo
90%
116,60 2023-2024 England West Ham Arsenal Declan Rice
89%
80,00 2022-2023 France Mónaco Real Madrid Aurélien Tchouaméni
83%
80,00 2020-2021 Germany Bayer Leverkusen Chelsea Kai Havertz
79%
80,60 2020-2021 Brazil FC Barcelona Juventus Arthur Melo
71%
No se encontraron pruebas coincidentes
Distribución de puntuación
Porcentaje de gente con cada puntuación
Porcentaje por número respondido
Historial de tus puntuaciones
No has intentado esta prueba.